Key concepts in marketing / (Record no. 18922)
[ view plain ]
| 000 -LEADER | |
|---|---|
| fixed length control field | 00966cam a22003134a 4500 |
| 001 - CONTROL NUMBER | |
| control field | 15345950 |
| 005 - DATE AND TIME OF LATEST TRANSACTION | |
| control field | 20150120154622.0 |
| 008 - FIXED-LENGTH DATA ELEMENTS--GENERAL INFORMATION | |
| fixed length control field | 080627r20142009xxkadk fr2b 001 0 eng d |
| 010 ## - LIBRARY OF CONGRESS CONTROL NUMBER | |
| LC control number | 2008932105 |
| 020 ## - INTERNATIONAL STANDARD BOOK NUMBER | |
| International Standard Book Number | 9781847874993 (pbk.) |
| 020 ## - INTERNATIONAL STANDARD BOOK NUMBER | |
| International Standard Book Number | 1847874991 (pbk.) |
| 040 ## - CATALOGING SOURCE | |
| Original cataloging agency | UKM |
| Transcribing agency | UKM |
| Modifying agency | YDXCP |
| -- | BTCTA |
| -- | BAKER |
| -- | BWKUK |
| -- | BWK |
| -- | BWX |
| -- | NTE |
| -- | CDX |
| -- | DLC |
| -- | EG-ScBUE |
| 082 00 - DEWEY DECIMAL CLASSIFICATION NUMBER | |
| Classification number | 658.8 |
| Edition number | 22 |
| Item number | BLY |
| 100 1# - MAIN ENTRY--PERSONAL NAME | |
| Personal name | Blythe, Jim |
| 9 (RLIN) | 32572 |
| 245 10 - TITLE STATEMENT | |
| Title | Key concepts in marketing / |
| Statement of responsibility, etc | Jim Blythe. |
| 246 30 - VARYING FORM OF TITLE | |
| Title proper/short title | Marketing |
| 250 ## - EDITION STATEMENT | |
| Edition statement | 1st ed., |
| Remainder of edition statement | reprinted. |
| 260 ## - PUBLICATION, DISTRIBUTION, ETC. (IMPRINT) | |
| Place of publication, distribution, etc | London : |
| Name of publisher, distributor, etc | SAGE, |
| Date of publication, distribution, etc | 2014. |
| 300 ## - PHYSICAL DESCRIPTION | |
| Extent | ix, 219 p. : |
| Other physical details | charts, forms, tables ; |
| Dimensions | 22 cm. |
| 490 1# - Series Statement | |
| Series statement | SAGE key concepts |
| 500 ## - GENERAL NOTE | |
| General note | Index : p. 211-219. |
| 500 ## - GENERAL NOTE | |
| General note | Reprint of the 2009 ed. |
| 504 ## - BIBLIOGRAPHY, ETC. NOTE | |
| Bibliography, etc | Includes bibliographical references. |
| 650 #0 - SUBJECT ADDED ENTRY--TOPICAL TERM | |
| Topical term or geographic name as entry element | Marketing |
| 9 (RLIN) | 4499 |
| 653 ## - INDEX TERM--UNCONTROLLED | |
| Resource For college | BAEPS, Business Administration |
| Arrived date list | January2015 |
| 655 ## - INDEX TERM--GENRE/FORM | |
| Form subdivision | |
| -- | 34232 |
| 830 #0 - SERIES ADDED ENTRY--UNIFORM TITLE | |
| Uniform title | SAGE key concepts |
| 942 ## - ADDED ENTRY ELEMENTS (KOHA) | |
| Source of classification or shelving scheme | Dewey Decimal Classification |
| Call number prefix | 658.8 BLY |
| Withdrawn status | Item status | Source of classification or shelving scheme | Damaged status | Not for loan | Vendor | Home library | Current library | Shelving location | Date acquired | Source of acquisition | Cost, normal purchase price | Serial Enumeration / chronology | Total Checkouts | Total Renewals | Full call number | Barcode | Date last seen | Date last borrowed | Cost, replacement price | Koha item type |
|---|---|---|---|---|---|---|---|---|---|---|---|---|---|---|---|---|---|---|---|---|
| Dewey Decimal Classification | Baccah | Central Library | Central Library | First floor | 20/01/2015 | 234.00 | 21291 | 7 | 10 | 658.8 BLY | 000037345 | 15/07/2025 | 22/11/2016 | 293.00 | Book - Borrowing |